000
00298nam a22001097a 4500
008
230620b xxu||||| |||| 00| 0 eng d
082
_a
327.47
_b
LAQ 1983
245
_a
The Pattern of Soviet Conduct in the Third World
260
_a
USA
_b
Praeger Publishers
_c
1983
300
_a
VI,250p
942
_2
ddc
_c
BK
999
_c
1896
_d
1896